Vacaciones en Italia (Record no. 114474)

MARC details
000 -LEADER
campo de control de longitud fija 00621nam a2200193 i 4500
001 - NÚMERO DE CONTROL
campo de control 114474
003 - IDENTIFICADOR DE NÚMERO DE CONTROL
campo de control ES-MaACL
005 - FECHA Y HORA DE LA ÚLTIMA TRANSACCIÓN
campo de control 20230906190151.0
007 - CAMPO FIJO DE DESCRIPCIÓN FÍSICA--INFORMACIÓN GENERAL
campo de control de longitud fija t|
008 - DATOS DE LONGITUD FIJA--INFORMACIÓN GENERAL
campo de control de longitud fija 070302q19501959it ||||1| spa d
080 ## - NÚMERO DE LA CLASIFICACIÓN DECIMAL UNIVERSAL
Número de la Clasificación Decimal Universal 914.50(036)
100 1# - ENTRADA PRINCIPAL--NOMBRE DE PERSONA
Nombre de persona De Gasperis, Roberto.
9 (RLIN) 43052
245 10 - MENCIÓN DEL TÍTULO
Título Vacaciones en Italia
Resto del título : guía breve /
Mención de responsabilidad, etc. proyectada y realizada por Roberto De Gasperis ; traducción de Diego de Mesa.
260 ## - PUBLICACIÓN, DISTRIBUCIÓN, ETC.
Lugar de publicación, distribución, etc. Roma :
Nombre del editor, distribuidor, etc. Luigi Salamone,
Fecha de publicación, distribución, etc. [195-?]
300 ## - DESCRIPCIÓN FÍSICA
Extensión 46 p. :
Otras características físicas il. ;
Dimensiones 23 cm.
651 #4 - PUNTO DE ACCESO ADICIONAL DE MATERIA--NOMBRE GEOGRÁFICO
Nombre geográfico Italia-
Subdivisión de forma Guías turísticas.
9 (RLIN) 8865
700 1# - ENTRADA AGREGADA--NOMBRE PERSONAL
Nombre de persona Mesa, Diego de.
9 (RLIN) 80629
852 ## - LOCALIZACIÓN
Ubicación ES-MaACL
Número de control de estantería 1994-F-11
Holdings
Estatus retirado Estado de pérdida Estado de daño No para préstamo Colección Biblioteca de origen Biblioteca actual Ubicación en estantería Fecha de adquisición Fuente de adquisición Total de préstamos Signatura topográfica completa Código de barras Visto por última vez Precio de reemplazo Tipo de ítem Koha
        Colección de folletos Biblioteca del Ateneo de Madrid Biblioteca del Ateneo de Madrid Depósito folletos 17/01/2008     1994-F-11 1119383 23/02/2023 23/02/2023 Folleto